Countries most Similar To Israel - Statistics

General Stats
  • This quiz has been taken 184 times
  • The average score is 10 of 20
Answer Stats
Rank Country Score % Correct
5 Lebanon 61.4
85%
2 Greece 62
83%
3 Italy 61.8
77%
20 Egypt 58.8
76%
6 Jordan 61.4
73%
4 Cyprus 61.5
68%
15 Turkey 59.1
67%
9 Spain 59.8
66%
1 Tunisia 63.3
61%
16 Morocco 59.1
52%
8 Croatia 59.9
41%
17 Germany 59.1
41%
11 Bulgaria 59.2
39%
7 Montenegro 60.4
30%
18 Qatar 59
29%
10 Slovenia 59.7
29%
13 Kuwait 59.2
27%
12 Bahrain 59.2
24%
19 Netherlands 59
21%
14 Belgium 59.1
18%
No matching quizzes found
Score Distribution
Percent of People with Each Score
Percentile by Number Answered
Your Score History
You have not taken this quiz